Statistics for Largest City of Each Canadian Provinces

Click here to take the quiz!

General Stats

  • This quiz has been taken 27 times
  • The average score is 11 of 13

Answer Stats

Province/TerritoryLargest City% Correct
OntarioToronto
100%
British ColumbiaVancouver
100%
QuebecMontreal
96%
ManitobaWinnipeg
96%
AlbertaCalgary
92%
Nova ScotiaHalifax
92%
Northwest TerritoriesYellowknife
92%
SaskatchewanSaskatoon
84%
YukonWhitehorse
84%
Newfoundland and LabradorSt. John's
80%
Prince Edward IslandCharlottetown
72%
NunavutIqaluit
56%
New BrunswickMoncton
52%

Score Distribution

Percentile by Number Answered

Percent of People with Each Score

Your Score History

You have not taken this quiz